| 000 | 01514cam a22004094a 4500 | ||
|---|---|---|---|
| 001 | 12007973 | ||
| 003 | OSt | ||
| 005 | 20140310184418.0 | ||
| 008 | 000515s2001 nyua b 001 0 eng | ||
| 010 | _a 00041059 | ||
| 020 | _a0439193818 | ||
| 040 |
_aDLC _cDLC _dDLC |
||
| 042 |
_apcc _alcac |
||
| 050 | 0 | 0 |
_aQL 644.2 _b.B47 2002 |
| 100 | 1 |
_aBerger, Melvin. _94942 |
|
| 245 | 1 | 0 |
_aCan snakes crawl backward? : _bquestions and answers about reptiles / _cMelvin and Gilda Berger ; illustrated by Alan Male. |
| 260 |
_aNew York : _bScholastic Reference, _c2002. |
||
| 300 |
_a48 p. : _bcol. ill. ; _c21 cm. |
||
| 490 | 1 | _aScholastic question and answer series | |
| 521 | _aG5 | ||
| 526 | _c750 | ||
| 650 | 0 |
_aReptiles _vMiscellanea _vJuvenile literature. _926497 |
|
| 650 | 1 |
_aReptiles _vMiscellanea. _926498 |
|
| 650 | 1 |
_aQuestions and answers. _94945 |
|
| 700 | 1 |
_aBerger, Gilda. _94946 |
|
| 700 | 1 |
_aMale, Alan, _eill. _926499 |
|
| 800 | 1 |
_aBerger, Melvin. _tScholastic question and answer series. _926500 |
|
| 856 | 4 | 2 |
_3Publisher description _uhttp://www.loc.gov/catdir/enhancements/fy1203/00041059-d.html |
| 906 |
_a7 _bcbc _corignew _d1 _eocip _f19 _gy-gencatlg |
||
| 942 |
_2lcc _cBK-SCHOLAS |
||
| 999 |
_c34183 _d34183 |
||